[Event "Winnipeg TNT 2018.05"]
[Site "Winnipeg CAN"]
[Date "2018.05.29"]
[Round "5"]
[White "Klokow, John"]
[Black "Letain, Cory"]
[Result "1/2-1/2"]
[WhiteElo "1774"]
[BlackElo "1721"]
[PlyCount "75"]
[EventDate "2018.05.01"]
[EventType "swiss"]
[EventRounds "5"]
[EventCountry "CAN"]

1. e4 e5 2. Nf3 Nf6 3. Nc3 Bb4 4. Bc4 Nc6 5. O-O Nxe4 6. Nxe4 d5 7. Bd3 dxe4 8.
Bxe4 Bd6 9. Bxc6+ bxc6 10. d4 e4 11. Re1 Bf5 12. Ng5 O-O 13. Qh5 Bg6 14. Qg4 f5
15. Qd1 Qd7 16. c3 h6 17. Qb3+ Kh8 18. Qe6 Qxe6 19. Nxe6 Rf6 20. Nf4 Bh7 21. h4
g5 22. hxg5 hxg5 23. Nh3 g4 24. Nf4 Rg8 25. g3 Rh6 26. Kg2 Re8 27. Be3 Kg8 28.
Rh1 Rxh1 29. Rxh1 Re7 30. Kf1 Kf8 31. Ke2 Ke8 32. b3 Kd7 33. Kd2 Bg8 34. c4
Bb4+ 35. Ke2 Rh7 36. Rxh7+ Bxh7 37. d5 c5 38. Kd1 1/2-1/2

[Event "Winnipeg TNT 2018.05"]
[Site "Winnipeg CAN"]
[Date "2018.05.29"]
[Round "5"]
[White "Konara, Harshani"]
[Black "Marshall, Carter"]
[Result "1-0"]
[WhiteElo "1948"]
[BlackElo "1493"]
[PlyCount "34"]
[EventDate "2018.05.01"]
[EventType "swiss"]
[EventRounds "5"]
[EventCountry "CAN"]

1. c4 c5 2. Nc3 g6 3. g3 Bg7 4. Bg2 Nc6 5. d3 d6 6. e3 h5 7. h3 Qb6 8. Nge2 Bf5
9. Nf4 Ne5 10. O-O e6 11. e4 g5 12. Nxh5 Bg6 13. Nxg7+ Kf8 14. Nxe6+ fxe6 15.
f4 gxf4 16. Bxf4 Qxb2 17. Bxe5+ Ke7 1-0

[Event "Winnipeg TNT 2018.05"]
[Site "Winnipeg CAN"]
[Date "2018.05.29"]
[Round "5"]
[White "Magyar, Peter"]
[Black "Leaden, Bruce"]
[Result "0-1"]
[WhiteElo "1464"]
[BlackElo "1566"]
[PlyCount "96"]
[EventDate "2018.05.01"]
[EventType "swiss"]
[EventRounds "5"]
[EventCountry "CAN"]

1. d4 d5 2. Bf4 Nc6 3. c3 e6 4. e3 Bd6 5. Bg3 Nf6 6. Be2 Ne4 7. Nd2 Nxg3 8.
hxg3 Bd7 9. Qc2 g6 10. Nh3 Qe7 11. f4 O-O-O 12. O-O-O f6 13. Nf2 e5 14. Rde1
exd4 15. exd4 Rde8 16. Bf3 Qf7 17. Ng4 h5 18. Ne3 Ne7 19. Qb3 c6 20. Kb1 Be6
21. c4 Kb8 22. c5 Bc7 23. Be2 g5 24. Ba6 Bc8 25. Be2 gxf4 26. gxf4 Bxf4 27.
Ndf1 Nf5 28. Nc2 Qg6 29. Bd3 Qxg2 30. Nh2 Rxe1+ 31. Rxe1 Qxh2 32. Ba6 Bc7 33.
a3 Rg8 34. Ka2 Ka8 35. Bd3 h4 36. Bxf5 Bxf5 37. Re7 Bxc2 38. Qb4 Kb8 39. a4 Qg1
40. Re1 Qg7 41. a5 a6 42. Re6 Qd7 43. Rxf6 Rh8 44. Qd2 Be4 45. Qf2 Ka8 46. Rf8+
Rxf8 47. Qxf8+ Bb8 48. Qh6 h3 0-1

[Event "Winnipeg TNT 2018.05"]
[Site "Winnipeg CAN"]
[Date "2018.05.29"]
[Round "5"]
[White "Rutter, Blair"]
[Black "Wolchock, Theo"]
[Result "1/2-1/2"]
[WhiteElo "1973"]
[BlackElo "2016"]
[PlyCount "41"]
[EventDate "2018.05.01"]
[EventType "swiss"]
[EventRounds "5"]
[EventCountry "CAN"]

1. d4 Nf6 2. c4 e6 3. Nc3 c5 4. Nf3 cxd4 5. Nxd4 d5 6. e3 Nc6 7. Bd3 Be7 8. O-O
O-O 9. Nxc6 bxc6 10. a3 c5 11. Qe2 Bb7 12. b3 Qc7 13. Bb2 Qc6 14. f3 Rab8 15.
Rab1 Rfd8 16. Qc2 h6 17. Ne2 dxc4 18. bxc4 Rd7 19. Ng3 Rbd8 20. Rfd1 Qa6 21.
Be2 1/2-1/2

[Event "Winnipeg TNT 2018.10"]
[Site "Winnipeg CAN"]
[Date "2018.10.02"]
[Round "1.1"]
[White "Wolchock, Theo"]
[Black "Letain, Cory"]
[Result "1-0"]
[WhiteElo "2182"]
[BlackElo "1669"]
[PlyCount "53"]
[EventDate "2018.10.02"]
[EventType "swiss"]
[EventRounds "5"]
[EventCountry "CAN"]

1. c4 c5 2. g3 g6 3. Bg2 Bg7 4. Nc3 Nf6 5. e3 O-O 6. Nge2 Nc6 7. d4 cxd4 8.
exd4 d6 9. O-O a6 10. b3 Bg4 11. Bb2 Qd7 12. Qd2 Bh3 13. Rfe1 Bxg2 14. Kxg2 h5
15. h3 h4 16. d5 Ne5 17. f4 Neg4 18. hxg4 Qxg4 19. Rh1 hxg3 20. Nxg3 Nh5 21.
Nce2 Bh6 22. Qe3 f6 23. Raf1 e5 24. dxe6 Rae8 25. Qf3 Qxe6 26. Nd4 Nxf4+ 27.
Qxf4 1-0

[Event "Winnipeg TNT 2018.10"]
[Site "Winnipeg CAN"]
[Date "2018.10.02"]
[Round "1.2"]
[White "Lei, Yanyu"]
[Black "Rutter, Blair"]
[Result "0-1"]
[WhiteElo "1607"]
[BlackElo "1966"]
[PlyCount "112"]
[EventDate "2018.10.02"]
[EventType "swiss"]
[EventRounds "5"]
[EventCountry "CAN"]

1. d4 e6 2. c4 b6 3. Nc3 Bb7 4. e4 Bb4 5. Bd3 Ne7 6. Be3 O-O 7. Nge2 f5 8. f3
Qe8 9. Qc2 Nbc6 10. O-O-O Ng6 11. Nb5 Rc8 12. Bf2 a6 13. exf5 exf5 14. Nbc3 Qe7
15. Kb1 Qf6 16. Nd5 Qf7 17. Bg3 Be7 18. Bxc7 Nb4 19. Nxb4 Rxc7 20. Qd2 a5 21.
Nc2 d5 22. cxd5 Bxd5 23. Nf4 Bxa2+ 24. Ka1 Bb3 25. Nxg6 hxg6 26. Rc1 Bf6 27.
Qf4 Rfc8 28. Na3 Rxc1+ 29. Rxc1 Rxc1+ 30. Qxc1 Qd7 31. Bc4+ Bxc4 32. Qxc4+ Kh7
33. Nb5 g5 34. d5 Qe7 35. Ka2 Qe5 36. Qc2 Qxd5+ 37. Qb3 Qc5 38. Nc3 Kg6 39. Na4
Qf2 40. Qxb6 Qxg2 41. Qxa5 Qxf3 42. Qe1 Qc6 43. Nc3 g4 44. Qe2 Bxc3 45. bxc3
Qxc3 46. Qe8+ Kg5 47. Qd8+ Qf6 48. Qd2+ Kh4 49. h3 Qg5 50. hxg4 Qxg4 51. Qh2+
Kg5 52. Qd2+ f4 53. Qd5+ Qf5 54. Qg2+ Kf6 55. Qc6+ Qe6+ 56. Qxe6+ Kxe6 0-1

[Event "Winnipeg TNT 2018.10"]
[Site "Winnipeg CAN"]
[Date "2018.10.02"]
[Round "1.3"]
[White "Czypinski, Jaroslaw"]
[Black "Melnyk, Jim"]
[Result "0-1"]
[WhiteElo "1923"]
[BlackElo "1572"]
[PlyCount "106"]
[EventDate "2018.10.02"]
[EventType "swiss"]
[EventRounds "5"]
[EventCountry "CAN"]

1. e4 Nc6 2. Nf3 e5 3. Bb5 a6 4. Bxc6 dxc6 5. d4 exd4 6. Qxd4 Be6 7. Bf4 Qxd4
8. Nxd4 O-O-O 9. Nxe6 fxe6 10. Nd2 Bc5 11. Ke2 Nf6 12. f3 Rhf8 13. Be3 Bb6 14.
Nc4 Bxe3 15. Kxe3 Rf7 16. Ne5 Re7 17. Rad1 Rd6 18. Rd3 Nd7 19. Nxd7 Rexd7 20.
Rhd1 e5 21. f4 exf4+ 22. Kxf4 Rxd3 23. cxd3 Rf7+ 24. Ke3 Kd7 25. d4 Ke6 26. d5+
cxd5 27. Rxd5 Rd7 28. Rg5 h6 29. Rc5 Kd6 30. Rc3 Ke5 31. Rc4 c6 32. Rc3 Kd6 33.
Rc1 c5 34. Rf1 Ke6 35. Rc1 b6 36. Rc4 Ke5 37. b4 cxb4 38. Rxb4 Rd6 39. Rc4 Rd1
40. Rc2 Re1+ 41. Kf3 Rxe4 42. Rc7 Ra4 43. Rxg7 Ra3+ 44. Kg4 Rxa2 45. Kh5 b5 46.
Kxh6 b4 47. Rg3 a5 48. Rh3 a4 49. g4 b3 50. Re3+ Kd4 51. Re1 Rxh2+ 52. Kg5 b2
53. Kf4 a3 0-1

[Event "Winnipeg TNT 2018.10"]
[Site "Winnipeg CAN"]
[Date "2018.10.02"]
[Round "1.4"]
[White "Furda, Ievgeniia-Diana"]
[Black "Prince, Colin"]
[Result "0-1"]
[WhiteElo "1570"]
[BlackElo "1850"]
[PlyCount "88"]
[EventDate "2018.10.02"]
[EventType "swiss"]
[EventRounds "5"]
[EventCountry "CAN"]

1. e4 e5 2. Nf3 Nc6 3. d4 exd4 4. Nxd4 Nf6 5. Nc3 Bb4 6. Nxc6 bxc6 7. Bd3 d5 8.
exd5 cxd5 9. O-O O-O 10. Bg5 c6 11. Qf3 Be7 12. Rfe1 h6 13. Bf4 Bd6 14. Bd2 c5
15. Nb5 Bg4 16. Qe3 Re8 17. Ba5 Rxe3 18. Bxd8 Rxe1+ 19. Rxe1 Rxd8 20. h3 Be6
21. Nxa7 c4 22. Be2 Bd7 23. a4 Bxa4 24. Ra1 Bd7 25. b3 Ra8 26. Ra5 Bb8 27. bxc4
Rxa7 28. Rxa7 Bxa7 29. cxd5 Nxd5 30. Bc4 Nc3 31. Bd3 Nd1 32. Kf1 Nxf2 33. Bc4
Bf5 34. Bb3 Nd1 35. Ke2 Ne3 36. Kf3 Nxc2 37. Bxc2 Bxc2 38. Kg3 Kh7 39. Kh2 Kg6
40. Kg3 Kf5 41. Kh2 Kf4 42. Kh1 Kg3 43. h4 Be4 44. h5 Bxg2# 0-1

[Event "Winnipeg TNT 2018.10"]
[Site "Winnipeg CAN"]
[Date "2018.10.02"]
[Round "1.5"]
[White "Bince, Rolando"]
[Black "Gregoryanz, Philipp"]
[Result "1-0"]
[WhiteElo "1839"]
[BlackElo "1432"]
[PlyCount "59"]
[EventDate "2018.10.02"]
[EventType "swiss"]
[EventRounds "5"]
[EventCountry "CAN"]

1. e3 e5 2. c4 Nf6 3. Nc3 d5 4. cxd5 Nxd5 5. Bc4 Nxc3 6. bxc3 Bd6 7. Nf3 O-O 8.
O-O Bg4 9. h3 e4 10. hxg4 exf3 11. Qxf3 Nd7 12. d4 Qh4 13. Qh3 Qf6 14. e4 Bf4
15. g5 Qxg5 16. Qxd7 Qh4 17. Bxf4 Qxf4 18. Qh3 h6 19. Bd3 Rad8 20. Rad1 Rfe8
21. Rfe1 Re6 22. e5 Rde8 23. Re4 Qg5 24. f4 Qe7 25. f5 Ra6 26. f6 Qa3 27. Rg4
g6 28. Qxh6 Qf8 29. Rxg6+ fxg6 30. Qxg6+ 1-0

[Event "Winnipeg TNT 2018.10"]
[Site "Winnipeg CAN"]
[Date "2018.10.02"]
[Round "1.6"]
[White "Flynn, Darren"]
[Black "Atem, James"]
[Result "0-1"]
[WhiteElo "1352"]
[BlackElo "1793"]
[PlyCount "98"]
[EventDate "2018.10.02"]
[EventType "swiss"]
[EventRounds "5"]
[EventCountry "CAN"]

1. e4 c5 2. Nf3 Nc6 3. d4 d6 4. dxc5 Qa5+ 5. Nc3 dxc5 6. Bb5 Bg4 7. O-O a6 8.
Bxc6+ bxc6 9. h3 Rd8 10. Qe2 Bxf3 11. Qxf3 e5 12. Rd1 Be7 13. Bd2 Qc7 14. Be3
Nf6 15. Na4 Nd7 16. Rd2 O-O 17. Rad1 Nb6 18. Nxc5 Rxd2 19. Rxd2 Nc4 20. Rd7 Qa5
21. Rxe7 Qe1+ 22. Kh2 Nxe3 23. Qxe3 Qb4 24. Rxe5 Qxb2 25. Nd7 h6 26. Nxf8 Qxe5+
27. Kg1 Kxf8 28. Qa3+ Kg8 29. Qxa6 Qxe4 30. Qd3 Qe1+ 31. Kh2 Qxf2 32. a4 Qf4+
33. Qg3 Qxa4 34. Qb8+ Kh7 35. Qb3 Qxb3 36. cxb3 Kg6 37. Kg3 Kf5 38. Kf3 h5 39.
g4+ hxg4+ 40. hxg4+ Ke5 41. Ke3 g5 42. Kd3 Kf4 43. Kc4 Kxg4 44. Kc5 Kf3 45.
Kxc6 g4 46. b4 g3 47. b5 g2 48. b6 g1=Q 49. b7 Qg3 0-1

[Event "Winnipeg TNT 2018.10"]
[Site "Winnipeg CAN"]
[Date "2018.10.09"]
[Round "2.1"]
[White "Atem, James"]
[Black "Wolchock, Theo"]
[Result "1/2-1/2"]
[WhiteElo "1793"]
[BlackElo "2182"]
[PlyCount "107"]
[EventDate "2018.10.02"]
[EventType "swiss"]
[EventRounds "5"]
[EventCountry "CAN"]

1. f4 e5 2. fxe5 d6 3. exd6 Bxd6 4. g3 h5 5. Nc3 h4 6. Ne4 hxg3 7. Nf3 gxh2 8.
Bg2 Nf6 9. Nxf6+ Qxf6 10. d4 Qg6 11. Kf1 Bh3 12. Bxh3 Rxh3 13. Be3 Nd7 14. Qd3
Qf6 15. Qe4+ Kf8 16. Bf2 Qf4 17. Qxf4 Bxf4 18. Kg2 Rh6 19. e3 Bd6 20. Nxh2 Ke7
21. Nf3 Rah8 22. Rxh6 Rxh6 23. Rh1 Rxh1 24. Kxh1 f5 25. Kg2 Ke6 26. c4 c5 27.
d5+ Ke7 28. Bh4+ Ke8 29. b3 b5 30. Bg3 Ke7 31. Nh4 Bxg3 32. Nxf5+ Kf6 33. Nxg3
Ke5 34. Kf3 bxc4 35. bxc4 g5 36. Nf1 g4+ 37. Kxg4 Ke4 38. Kg5 Kd3 39. Kf5 Kxc4
40. e4 Kd3 41. e5 c4 42. e6 c3 43. exd7 c2 44. d8=Q c1=Q 45. Ng3 Qe3 46. Qd6
Qf3+ 47. Ke6 Qg4+ 48. Kf7 Qf3+ 49. Ke8 Qe3+ 50. Kd7 Qg5 51. Qa3+ Kd4 52. Qc5+
Kxc5 53. Ne4+ Kxd5 54. Nxg5 1/2-1/2

[Event "Winnipeg TNT 2018.10"]
[Site "Winnipeg CAN"]
[Date "2018.10.09"]
[Round "2.2"]
[White "Rutter, Blair"]
[Black "Bince, Rolando"]
[Result "0-1"]
[WhiteElo "1966"]
[BlackElo "1839"]
[PlyCount "139"]
[EventDate "2018.10.02"]
[EventType "swiss"]
[EventRounds "5"]
[EventCountry "CAN"]

1. c4 e5 2. g3 Nf6 3. Bg2 Nc6 4. Nc3 Bb4 5. e4 Nd4 6. Nge2 O-O 7. O-O c6 8. d3
Ne6 9. h3 b6 10. Be3 Bb7 11. Qb3 Bc5 12. Bd2 a5 13. Rad1 Ba6 14. Qc2 b5 15. b3
Rc8 16. Kh2 b4 17. Nb1 Qb6 18. f4 Nd4 19. Nxd4 Bxd4 20. f5 d5 21. g4 dxe4 22.
dxe4 Nd7 23. Bg5 f6 24. Bh4 Rc7 25. Nd2 Bb7 26. Nf3 Be3 27. g5 Kh8 28. gxf6
Bf4+ 29. Bg3 Bxg3+ 30. Kxg3 gxf6 31. Kh2 Qe3 32. Qd2 Qxd2 33. Rxd2 Nc5 34. Ng1
Rff7 35. Rfd1 Rcd7 36. Ne2 Rxd2 37. Rxd2 Rd7 38. Rxd7 Nxd7 39. Kg3 Kg7 40. Bf3
Nc5 41. Nc1 Bc8 42. Kf2 Bd7 43. Ke3 Be8 44. Ne2 Kh6 45. Ng3 Kg5 46. Bg4 h5 47.
Be2 Kh4 48. Kf2 a4 49. bxa4 Nxa4 50. Bd1 Nc3 51. Bb3 c5 52. Nf1 Nxe4+ 53. Kg1
Bc6 54. Ne3 Kxh3 55. Bd1 Kh4 56. Kh2 Nc3 57. Bb3 Be4 58. Nd5 Kg5 59. Nc7 Bxf5
60. Na6 Ne4 61. Bc2 Nc3 62. Bb3 Ne4 63. Bc2 Nd6 64. Bxf5 Kxf5 65. Nxc5 Nxc4 66.
Nd3 Ke4 67. Nxb4 Na3 68. Kg3 f5 69. Na6 f4+ 70. Kg2 0-1

[Event "Winnipeg TNT 2018.10"]
[Site "Winnipeg CAN"]
[Date "2018.10.09"]
[Round "2.3"]
[White "Prince, Colin"]
[Black "Melnyk, Jim"]
[Result "1-0"]
[WhiteElo "1850"]
[BlackElo "1572"]
[PlyCount "57"]
[EventDate "2018.10.02"]
[EventType "swiss"]
[EventRounds "5"]
[EventCountry "CAN"]

1. e4 Nc6 2. Nf3 e5 3. Bc4 Nf6 4. d4 Be7 5. dxe5 Ng4 6. Bf4 g5 7. Bg3 h5 8. h4
gxh4 9. Nxh4 Ncxe5 10. Bb3 c6 11. f3 Bxh4 12. Rxh4 Ne3 13. Qe2 Qg5 14. Qf2 N5c4
15. f4 Qa5+ 16. Nc3 Ng4 17. Qd4 Rh7 18. Bxc4 Qb6 19. Qxb6 axb6 20. Bd3 d6 21.
O-O-O Rg7 22. Rxh5 Nf6 23. Rh8+ Ng8 24. Ne2 Bg4 25. Be1 Rxa2 26. Kb1 Ra8 27.
Bc3 Bxe2 28. Bxg7 Bxd1 29. Rxg8+ 1-0

[Event "Winnipeg TNT 2018.10"]
[Site "Winnipeg CAN"]
[Date "2018.10.09"]
[Round "2.4"]
[White "Abioye, Yemi"]
[Black "Piche, Zachary"]
[Result "1/2-1/2"]
[WhiteElo "1876"]
[BlackElo "1554"]
[PlyCount "110"]
[EventDate "2018.10.02"]
[EventType "swiss"]
[EventRounds "5"]
[EventCountry "CAN"]

1. e4 c5 2. Nf3 d6 3. d4 cxd4 4. Nxd4 Nf6 5. Nc3 a6 6. Bg5 e6 7. Qd2 Be7 8. f4
Nbd7 9. O-O-O b5 10. Nc6 Qc7 11. Nxe7 Kxe7 12. f5 Ne5 13. Qf4 Bd7 14. Ne2 Rhc8
15. Nd4 b4 16. Rd2 a5 17. fxe6 fxe6 18. Bxf6+ gxf6 19. Qh6 Nf7 20. Qh4 a4 21.
Bd3 b3 22. axb3 axb3 23. Nxb3 Ba4 24. Nd4 Qc5 25. Qf2 Ne5 26. Rf1 Nxd3+ 27.
Rxd3 Qg5+ 28. Qf4 Bxc2 29. Qxg5 Bxd3+ 30. Kd2 fxg5 31. Kxd3 d5 32. exd5 exd5
33. Rf5 Ra2 34. Rxd5 Rxb2 35. Rxg5 Kf6 36. h4 h6 37. Rg4 Rd8 38. g3 Rb3+ 39.
Kc4 Re3 40. Rf4+ Kg6 41. g4 Rh3 42. Nf3 Rh1 43. h5+ Kg7 44. Kb3 Rc8 45. Nd2
Rh3+ 46. Kb4 Rhc3 47. Nc4 Rc1 48. Rd4 Kf6 49. Rd6+ Kg5 50. Rg6+ Kf4 51. Nb6
Rb1+ 52. Ka5 Rc2 53. Ka6 Rh1 54. Kb7 Rh4 55. Rxh6 Kxg4 {and drawn on move 64}
1/2-1/2

[Event "Winnipeg TNT 2018.10"]
[Site "Winnipeg CAN"]
[Date "2018.10.09"]
[Round "2.5"]
[White "Furda, Ievgeniia-Diana"]
[Black "Czypinski, Jaroslaw"]
[Result "0-1"]
[WhiteElo "1570"]
[BlackElo "1923"]
[PlyCount "106"]
[EventDate "2018.10.02"]
[EventType "swiss"]
[EventRounds "5"]
[EventCountry "CAN"]

1. e4 d5 2. exd5 Qxd5 3. Nc3 Qe5+ 4. Be2 Bg4 5. f3 Bd7 6. d4 Qa5 7. Bd2 Nf6 8.
Bc4 Qb6 9. Bb3 Qxd4 10. Nge2 Qh4+ 11. g3 Qh5 12. Nf4 Qe5+ 13. Nfe2 Nc6 14. Bf4
Qa5 15. Qd3 e5 16. Bg5 e4 17. Qb5 exf3 18. Qxa5 Nxa5 19. Nd4 Nxb3 20. axb3 Bc5
21. O-O-O O-O-O 22. Nxf3 Bc6 23. Rhf1 Rxd1+ 24. Kxd1 Ne4 25. Nxe4 Bxe4 26. Nd2
Bg6 27. Kc1 Re8 28. Kd1 Bd4 29. c3 Bc5 30. Nc4 f6 31. Bf4 Bd3 32. Re1 Bc2+ 33.
Kd2 Rxe1 34. Kxe1 Bxb3 35. Nd2 Bd5 36. h4 b5 37. b4 Bb6 38. Ke2 Kd7 39. Kd3 Ke6
40. c4 bxc4+ 41. Nxc4 Bxc4+ 42. Kxc4 a6 43. g4 c6 44. Kd3 Kd5 45. Bg3 a5 46.
bxa5 Bxa5 47. Bh2 c5 48. Bg3 c4+ 49. Ke3 Bb6+ 50. Kd2 Bd4 51. Kc2 Ke4 52. Be1
Kf3 53. g5 f5 0-1

[Event "Winnipeg TNT 2018.10"]
[Site "Winnipeg CAN"]
[Date "2018.10.09"]
[Round "2.6"]
[White "Letain, Cory"]
[Black "Flynn, Darren"]
[Result "1-0"]
[WhiteElo "1669"]
[BlackElo "1352"]
[PlyCount "29"]
[EventDate "2018.10.02"]
[EventType "swiss"]
[EventRounds "5"]
[EventCountry "CAN"]

1. e4 e5 2. Nf3 Nc6 3. Bb5 a6 4. Ba4 Nf6 5. O-O Be7 6. Re1 O-O 7. Bxc6 dxc6 8.
Nxe5 Bd6 9. d4 Bxe5 10. dxe5 Qxd1 11. Rxd1 Nxe4 12. Be3 Re8 13. f3 Nf6 14. exf6
Rxe3 15. Rd8+ 1-0

[Event "Winnipeg TNT 2018.10"]
[Site "Winnipeg CAN"]
[Date "2018.10.09"]
[Round "2.7"]
[White "Gregoryanz, Philipp"]
[Black "Lei, Yanyu"]
[Result "1-0"]
[WhiteElo "1432"]
[BlackElo "1607"]
[PlyCount "35"]
[EventDate "2018.10.02"]
[EventType "swiss"]
[EventRounds "5"]
[EventCountry "CAN"]

1. e4 c5 2. Nf3 d6 3. d4 cxd4 4. Nxd4 Nf6 5. Nc3 g6 6. Bc4 Bg7 7. O-O O-O 8.
Bg5 Bd7 9. Qd2 Nc6 10. Nf3 Re8 11. Bh6 Bh8 12. Rfe1 Qb6 13. Bb3 Bg4 14. e5 dxe5
15. Nxe5 Nxe5 16. Rxe5 Bf5 17. Rxf5 Ng4 18. Bxf7# 1-0

[Event "Winnipeg TNT 2018.10"]
[Site "Winnipeg CAN"]
[Date "2018.10.16"]
[Round "3.1"]
[White "Bince, Rolando"]
[Black "Prince, Colin"]
[Result "1/2-1/2"]
[WhiteElo "1839"]
[BlackElo "1850"]
[PlyCount "142"]
[EventDate "2018.10.02"]
[EventType "swiss"]
[EventRounds "5"]
[EventCountry "CAN"]

1. d4 Nf6 2. c4 g6 3. Nf3 Bg7 4. Nc3 O-O 5. e4 d6 6. Be2 Nbd7 7. O-O e5 8. dxe5
dxe5 9. Bg5 c6 10. h3 Qc7 11. b4 Rd8 12. Qc2 Nf8 13. Rad1 Be6 14. Rxd8 Rxd8 15.
Rd1 Rxd1+ 16. Qxd1 h6 17. Be3 g5 18. Nh2 b6 19. a3 Ng6 20. Ng4 Nf4 21. Nxf6+
Bxf6 22. Bf1 Bg7 23. Kh2 Qd7 24. Qxd7 Bxd7 25. g3 Ne6 26. Bd3 Nd4 27. Kg2 f5
28. Bxd4 exd4 29. Ne2 fxe4 30. Bxe4 Be6 31. Bd3 a5 32. f4 axb4 33. axb4 c5 34.
bxc5 bxc5 35. f5 Bf7 36. Kf3 Bf6 37. Ke4 Kf8 38. g4 Ke7 39. Ng3 Kd6 40. Kf3 Ke5
41. Ne4 Be7 42. Kg3 Bxc4 43. Nxc5 Bxd3 44. Nxd3+ Ke4 45. Nb2 Ke3 46. Nc4+ Ke2
47. Kg2 d3 48. Kg3 d2 49. Nxd2 Kxd2 50. Kf3 Kd3 51. Kg3 Ke3 52. Kg2 Bf6 53. Kg3
Ke2 54. Kg2 Bd4 55. h4 gxh4 56. Kh3 Bf6 57. Kg2 Bg5 58. Kh2 Kf1 59. Kh1 Bf4 60.
f6 Be5 61. f7 Bd6 62. f8=Q+ Bxf8 63. Kh2 Kf2 64. Kh3 Be7 65. Kh2 Bd6+ 66. Kh1
Kg3 67. Kg1 h3 68. Kh1 Bf4 69. Kg1 Bc7 70. Kh1 Kh4 71. Kg1 Kg3 1/2-1/2

[Event "Winnipeg TNT 2018.10"]
[Site "Winnipeg CAN"]
[Date "2018.10.16"]
[Round "3.2"]
[White "Wolchock, Theo"]
[Black "Rutter, Blair"]
[Result "1-0"]
[WhiteElo "2182"]
[BlackElo "1966"]
[PlyCount "59"]
[EventDate "2018.10.02"]
[EventType "swiss"]
[EventRounds "5"]
[EventCountry "CAN"]

1. e4 e6 2. d4 d5 3. Nc3 Nf6 4. Bg5 Be7 5. e5 Nfd7 6. h4 Nf8 7. Nf3 Bd7 8. Qd2
a6 9. O-O-O b5 10. Kb1 Nc6 11. Bxe7 Qxe7 12. Ne1 Nd8 13. Nd3 Nb7 14. f4 c5 15.
dxc5 Nxc5 16. f5 Bc6 17. Nxc5 Qxc5 18. Bd3 h6 19. Rh3 Nd7 20. Rg3 Nxe5 21. fxe6
fxe6 22. Qe2 Qd6 23. Re3 O-O-O 24. Rxe5 b4 25. Bxa6+ Kb8 26. Rxe6 Qc5 27. Qe5+
Ka7 28. Qc7+ Kxa6 29. Rxc6+ Qxc6 30. Qxc6+ 1-0

[Event "Winnipeg TNT 2018.10"]
[Site "Winnipeg CAN"]
[Date "2018.10.16"]
[Round "3.3"]
[White "Czypinski, Jaroslaw"]
[Black "Atem, James"]
[Result "1-0"]
[WhiteElo "1923"]
[BlackElo "1793"]
[PlyCount "77"]
[EventDate "2018.10.02"]
[EventType "swiss"]
[EventRounds "5"]
[EventCountry "CAN"]

1. e4 d6 2. d4 c6 3. Nc3 e6 4. Nf3 a5 5. Bd3 Na6 6. O-O Nb4 7. Be2 Nf6 8. a3
Na6 9. e5 Nd5 10. Ne4 dxe5 11. dxe5 Be7 12. Bg5 O-O 13. Bxe7 Nxe7 14. Bd3 Qb6
15. h4 Rd8 16. Nfg5 h6 17. Nf3 Qxb2 18. Rb1 Qxa3 19. Rb3 Qa4 20. Nc3 Qf4 21.
Bh7+ Kxh7 22. Qxd8 Nf5 23. Ne2 Qa4 24. Qf8 Qc4 25. Ng3 Nc5 26. Qxf7 Nxb3 27.
Nxf5 Qg4 28. Ne7 Bd7 29. Rd1 Re8 30. cxb3 Rxe7 31. Qxe7 Bc8 32. Qd8 Qb4 33.
Qd3+ Kg8 34. h5 b6 35. g3 Bb7 36. Nh4 Qe7 37. Ng6 Qe8 38. Qd8 Qxd8 39. Rxd8+
1-0

[Event "Winnipeg TNT 2018.10"]
[Site "Winnipeg CAN"]
[Date "2018.10.16"]
[Round "3.4"]
[White "Melnyk, Jim"]
[Black "Abioye, Yemi"]
[Result "0-1"]
[WhiteElo "1572"]
[BlackElo "1876"]
[PlyCount "56"]
[EventDate "2018.10.02"]
[EventType "swiss"]
[EventRounds "5"]
[EventCountry "CAN"]

1. e4 e6 2. Nc3 d5 3. Nf3 Bb4 4. exd5 exd5 5. Qe2+ Ne7 6. a3 Ba5 7. Qb5+ c6 8.
Qb3 O-O 9. Be2 Nf5 10. O-O Re8 11. Bd3 Nh4 12. Nxh4 Qxh4 13. Qa4 Qd8 14. b4 Bc7
15. Ne2 Be6 16. Bb2 b5 17. Bxb5 cxb5 18. Qxb5 Nd7 19. Nd4 a6 20. Qd3 Ne5 21.
Qb3 Nc4 22. Bc3 Qg5 23. Nf3 Qg6 24. Qb2 Bh3 25. Nh4 Qg4 26. d3 Qxh4 27. g3 Qh5
28. dxc4 Qf3 0-1

[Event "Winnipeg TNT 2018.10"]
[Site "Winnipeg CAN"]
[Date "2018.10.16"]
[Round "3.5"]
[White "Piche, Zachary"]
[Black "Letain, Cory"]
[Result "0-1"]
[WhiteElo "1554"]
[BlackElo "1669"]
[PlyCount "52"]
[EventDate "2018.10.02"]
[EventType "swiss"]
[EventRounds "5"]
[EventCountry "CAN"]

1. Nf3 Nf6 2. c4 c5 3. g3 g6 4. Bg2 Bg7 5. O-O O-O 6. Nc3 Nc6 7. e3 e5 8. d4 d6
9. a3 a5 10. d5 Ne7 11. Nd2 Ne8 12. f4 f5 13. e4 exf4 14. gxf4 fxe4 15. Ndxe4
Nf5 16. Ng3 Bd4+ 17. Kh1 Qh4 18. Nxf5 Bxf5 19. Nb5 Bg7 20. Ra2 Nf6 21. b3 Ne4
22. Bxe4 Bxe4+ 23. Kg1 Rae8 24. Nxd6 Bd4+ 25. Raf2 Qh3 26. Nxe8 Qg2# 0-1

[Event "Winnipeg TNT 2018.10"]
[Site "Winnipeg CAN"]
[Date "2018.10.16"]
[Round "3.6"]
[White "Gregoryanz, Philipp"]
[Black "Furda, Ievgeniia-Diana"]
[Result "1-0"]
[WhiteElo "1432"]
[BlackElo "1570"]
[PlyCount "87"]
[EventDate "2018.10.02"]
[EventType "swiss"]
[EventRounds "5"]
[EventCountry "CAN"]

1. e4 e5 2. Nf3 Nc6 3. d4 exd4 4. Nxd4 Nf6 5. Nc3 Bb4 6. Nxc6 bxc6 7. e5 Nd5 8.
Bd2 Nxc3 9. Bxc3 Bxc3+ 10. bxc3 d6 11. Be2 dxe5 12. Qxd8+ Kxd8 13. O-O Re8 14.
Bf3 Bb7 15. Rab1 Kc8 16. Bg4+ Kb8 17. Bd7 Re6 18. Bxe6 fxe6 19. Rfe1 Kc8 20.
Rxe5 Ba6 21. Rxe6 Kd7 22. Rbe1 Rg8 23. R6e4 Bb5 24. Rd4+ Kc8 25. Re7 Rd8 26.
Rxd8+ Kxd8 27. Rxg7 h5 28. h4 Bc4 29. a3 Be6 30. Rh7 Bf5 31. Rxh5 Bxc2 32. Rg5
a6 33. h5 Kc8 34. h6 Kb7 35. Rg7 Bf5 36. h7 Bxh7 37. Rxh7 Kb6 38. g4 Kb7 39. g5
Kc8 40. g6 Kb7 41. g7 Kb6 42. g8=Q Kb5 43. Rh5+ Kb6 44. Qb8# 1-0

[Event "Winnipeg TNT 2018.10"]
[Site "Winnipeg CAN"]
[Date "2018.10.16"]
[Round "3.7"]
[White "Lei, Yanyu"]
[Black "Flynn, Darren"]
[Result "1-0"]
[WhiteElo "1607"]
[BlackElo "1352"]
[PlyCount "71"]
[EventDate "2018.10.02"]
[EventType "swiss"]
[EventRounds "5"]
[EventCountry "CAN"]

1. d4 d5 2. c4 dxc4 3. e4 e5 4. d5 Nf6 5. Nc3 c6 6. Bxc4 Bb4 7. Bg5 O-O 8. Qb3
Be7 9. O-O-O h6 10. Bxf6 Bxf6 11. dxc6 Bg5+ 12. Kb1 Qf6 13. cxb7 Bxb7 14. Qxb7
Nc6 15. Nf3 Na5 16. Qd5 Nxc4 17. Qxc4 Rfc8 18. Qd5 Rab8 19. Rd3 Qb6 20. Qb3
Qxb3 21. axb3 Rxb3 22. Nxg5 hxg5 23. Rhd1 a5 24. Rd8+ Rxd8 25. Rxd8+ Kh7 26.
Rd5 Rb8 27. Rxe5 f6 28. Rxa5 Re8 29. b4 Kh6 30. b5 Kh5 31. b6 Rb8 32. Rb5 Kg4
33. b7 g6 34. Na4 f5 35. Nc5 fxe4 36. Nd7 1-0

[Event "Winnipeg TNT 2018.10"]
[Site "Winnipeg CAN"]
[Date "2018.10.23"]
[Round "4.1"]
[White "Prince, Colin"]
[Black "Wolchock, Theo"]
[Result "1-0"]
[WhiteElo "1850"]
[BlackElo "2182"]
[PlyCount "97"]
[EventDate "2018.10.02"]
[EventType "swiss"]
[EventRounds "5"]
[EventCountry "CAN"]

1. d4 Nf6 2. Nf3 c5 3. c4 e6 4. Nc3 cxd4 5. Nxd4 d5 6. e3 Nc6 7. Be2 Be7 8. O-O
O-O 9. b3 Bd7 10. Bb2 dxc4 11. bxc4 Nxd4 12. Qxd4 Bc6 13. Qe5 Qd6 14. Qg5 h6
15. Qg3 Qxg3 16. hxg3 Rfd8 17. Rad1 Rac8 18. Rxd8+ Rxd8 19. Rd1 Rxd1+ 20. Bxd1
Kf8 21. Ne2 Nd7 22. Nd4 Be4 23. Bf3 Bxf3 24. Nxf3 Nb6 25. Bd4 Nxc4 26. Bxa7 b6
27. Kf1 Bd8 28. Ke2 Ke7 29. Bb8 f6 30. Nd4 Kd7 31. Kd3 Na5 32. g4 Nc6 33. Nxc6
Kxc6 34. Bg3 b5 35. e4 Bc7 36. Bxc7 Kxc7 37. f4 Kd6 38. a3 g6 39. g3 Kc5 40.
Kc3 e5 41. Kd3 b4 42. a4 g5 43. fxe5 fxe5 44. a5 b3 45. Kc3 b2 46. Kxb2 Kd4 47.
a6 Kxe4 48. a7 Kf3 49. a8=Q+ 1-0